[Event "Grand Swiss "]
[Date "2025.09.05"]
[White "Nepomniachtchi, Ian"]
[Black "Gurel, Ediz"]
[WhiteElo "2742"]
[BlackElo "2631"]
[Round "2.2.13"]
[Result "1-0"]

1. d4 {[%clk 01:40:56] [%emt 00:00:03]} d5 {[%clk 01:40:12] [%emt 00:00:49]} 2.
c4 {[%clk 01:41:20] [%emt 00:00:06]} c6 {[%clk 01:40:10] [%emt 00:00:31]} 3. Nf3
{[%clk 01:41:44] [%emt 00:00:06]} Nf6 {[%clk 01:40:20] [%emt 00:00:21]} 4. e3
{[%clk 01:42:05] [%emt 00:00:08]} Bf5 {[%clk 01:37:52] [%emt 00:02:58]} 5. Nc3
{[%clk 01:42:16] [%emt 00:00:19]} e6 {[%clk 01:38:12] [%emt 00:00:10]} 6. Nh4
{[%clk 01:42:35] [%emt 00:00:10]} Be4 {[%clk 01:36:00] [%emt 00:02:43]} 7. f3
{[%clk 01:42:56] [%emt 00:00:08]} Bg6 {[%clk 01:36:25] [%emt 00:00:05]} 8. Bd2
{[%clk 01:40:47] [%emt 00:02:39]} Be7 {[%clk 01:32:36] [%emt 00:04:19]} 9. Qb3
{[%clk 01:40:41] [%emt 00:00:35]} Qc7 {[%clk 01:29:52] [%emt 00:03:14]} 10. Nxg6
{[%clk 01:37:23] [%emt 00:03:48]} hxg6 {[%clk 01:25:11] [%emt 00:05:12]} 11.
O-O-O {[%clk 01:37:45] [%emt 00:00:07]} dxc4 {[%clk 01:17:55] [%emt 00:07:47]}
12. Bxc4 {[%clk 01:36:54] [%emt 00:01:20]} b5 {[%clk 01:18:07] [%emt 00:00:18]}
13. Be2 {[%clk 01:37:05] [%emt 00:00:18]} a5 {[%clk 01:17:37] [%emt 00:01:00]}
14. Kb1 {[%clk 01:30:56] [%emt 00:06:39]} a4 {[%clk 01:12:14] [%emt 00:05:54]}
15. Qc2 {[%clk 01:28:48] [%emt 00:02:37]} a3 {[%clk 01:09:48] [%emt 00:02:57]}
16. b3 {[%clk 01:27:22] [%emt 00:01:56]} Na6 {[%clk 01:05:54] [%emt 00:04:24]}
17. Rc1 {[%clk 01:25:07] [%emt 00:02:45]} Qb6 {[%clk 01:03:23] [%emt 00:03:01]}
18. Ne4 {[%clk 01:21:35] [%emt 00:04:01]} Rc8 {[%clk 01:01:46] [%emt 00:02:08]}
19. h4 {[%clk 01:18:47] [%emt 00:03:18]} Nd5 {[%clk 00:54:15] [%emt 00:08:01]}
20. g4 {[%clk 01:15:03] [%emt 00:04:14]} O-O {[%clk 00:43:11] [%emt 00:11:34]}
21. Nc5 {[%clk 01:02:52] [%emt 00:12:41]} Nxc5 {[%clk 00:40:30] [%emt 00:03:11]}
22. dxc5 {[%clk 01:02:04] [%emt 00:01:18]} Qc7 {[%clk 00:39:46] [%emt 00:01:14]}
23. g5 {[%clk 00:58:29] [%emt 00:04:04]} Rfd8 {[%clk 00:36:20] [%emt 00:03:56]}
24. f4 {[%clk 00:57:43] [%emt 00:01:16]} Bxc5 {[%clk 00:28:28] [%emt 00:08:22]}
25. Qxc5 {[%clk 00:55:18] [%emt 00:02:55]} Nxf4 {[%clk 00:28:53] [%emt
00:00:05]} 26. exf4 {[%clk 00:53:25] [%emt 00:02:23]} Rxd2 {[%clk 00:29:19]
[%emt 00:00:05]} 27. Qe3 {[%clk 00:53:24] [%emt 00:00:31]} Rb2+ {[%clk 00:26:31]
[%emt 00:03:19]} 28. Ka1 {[%clk 00:53:51] [%emt 00:00:02]} e5 {[%clk 00:26:38]
[%emt 00:00:23]} 29. Bxb5 {[%clk 00:48:24] [%emt 00:05:57]} Rd8 {[%clk 00:24:13]
[%emt 00:02:55]} 30. Bc4 {[%clk 00:47:32] [%emt 00:01:22]} exf4 {[%clk 00:23:48]
[%emt 00:00:55]} 31. Qc3 {[%clk 00:47:33] [%emt 00:00:29]} Rdd2 {[%clk 00:17:30]
[%emt 00:06:49]} 32. b4 {[%clk 00:47:59] [%emt 00:00:04]} Qd6 {[%clk 00:15:25]
[%emt 00:02:34]} 33. Rhe1 {[%clk 00:45:36] [%emt 00:02:53]} Kh7 {[%clk 00:10:58]
[%emt 00:04:57]} 34. h5 {[%clk 00:45:52] [%emt 00:00:15]} gxh5 {[%clk 00:10:13]
[%emt 00:01:15]} 35. Bxf7 {[%clk 00:46:07] [%emt 00:00:15]} Rd3 {[%clk 00:05:01]
[%emt 00:05:42]} 36. Qc5 {[%clk 00:35:52] [%emt 00:10:44]} g6 {[%clk 00:03:26]
[%emt 00:02:05]} 37. Qxd6 {[%clk 00:33:56] [%emt 00:02:26]} Rxd6 {[%clk
00:03:55] [%emt 00:00:01]} 38. Re7 {[%clk 00:34:14] [%emt 00:00:12]} Rxb4 {[%clk
00:03:37] [%emt 00:00:47]} 39. Bb3+ {[%clk 00:32:51] [%emt 00:01:53]} Kh8 {[%clk
00:04:06] [%emt 00:00:02]} 40. Rce1 {[%clk 00:31:59] [%emt 00:01:21]} Rd8 {[%clk
00:03:02] [%emt 00:01:34]} 41. Rf7 {[%clk 00:28:57] [%emt 00:03:32]} c5 {[%clk
00:01:36] [%emt 00:01:57]} 42. Bc2 {[%clk 00:24:36] [%emt 00:04:51]} Rbd4 {[%clk
00:49:48] [%emt 00:02:17]} 43. Kb1 {[%clk 01:14:50] [%emt 00:00:17]} Rb8+ {[%clk
00:47:37] [%emt 00:02:40]} 44. Kc1 {[%clk 01:14:41] [%emt 00:00:39]} Rc4 {[%clk
00:48:03] [%emt 00:00:05]} 45. Re6 {[%clk 01:13:01] [%emt 00:02:09]} f3 {[%clk
00:45:40] [%emt 00:02:53]} 46. Ref6 {[%clk 01:09:53] [%emt 00:03:38]} Rg4 {[%clk
00:41:27] [%emt 00:04:43]} 47. Rxf3 {[%clk 01:08:14] [%emt 00:02:09]} Rxg5
{[%clk 00:40:53] [%emt 00:01:04]} 48. Ra7 {[%clk 01:06:44] [%emt 00:01:59]} c4
{[%clk 00:38:04] [%emt 00:03:19]} 49. Kd2 {[%clk 01:05:03] [%emt 00:02:11]} h4
{[%clk 00:37:14] [%emt 00:01:19]} 50. Rff7 {[%clk 01:04:36] [%emt 00:00:56]} Rg3
{[%clk 00:36:26] [%emt 00:01:19]} 51. Rh7+ {[%clk 01:01:58] [%emt 00:03:08]} Kg8
{[%clk 00:35:28] [%emt 00:01:28]} 52. Rxh4 {[%clk 01:01:02] [%emt 00:01:26]}
Rd8+ {[%clk 00:31:44] [%emt 00:04:13]} 53. Ke1 {[%clk 01:00:21] [%emt 00:01:11]}
Rg1+ {[%clk 00:26:57] [%emt 00:05:17]} 54. Kf2 {[%clk 01:00:11] [%emt 00:00:40]}
Ra1 {[%clk 00:27:21] [%emt 00:00:07]} 55. Bxg6 {[%clk 01:00:11] [%emt 00:00:30]}
Rxa2+ {[%clk 00:26:43] [%emt 00:01:08]} 56. Ke3 {[%clk 00:58:40] [%emt
00:02:00]} Rd6 {[%clk 00:24:14] [%emt 00:02:59]} 57. Bf7+ {[%clk 00:59:05] [%emt
00:00:05]} Kf8 {[%clk 00:24:41] [%emt 00:00:04]} 58. Bxc4 {[%clk 00:59:31] [%emt
00:00:04]} 1-0

[Site "Europe Echecs"]

[Event "Grand Swiss "]
[Date "2025.09.05"]
[White "Sargissian, Gabriel"]
[Black "Mamedyarov, Shakhriyar"]
[WhiteElo "2626"]
[BlackElo "2741"]
[Round "2.2.14"]
[Result "1/2-1/2"]

1. d4 {[%clk 01:40:56] [%emt 00:00:03]} Nf6 {[%clk 01:40:53] [%emt 00:00:08]} 2.
c4 {[%clk 01:40:47] [%emt 00:00:39]} e6 {[%clk 01:41:15] [%emt 00:00:08]} 3. Nf3
{[%clk 01:40:39] [%emt 00:00:38]} d5 {[%clk 01:41:18] [%emt 00:00:27]} 4. g3
{[%clk 01:40:46] [%emt 00:00:23]} Be7 {[%clk 01:41:34] [%emt 00:00:14]} 5. Bg2
{[%clk 01:40:36] [%emt 00:00:40]} O-O {[%clk 01:41:58] [%emt 00:00:06]} 6. O-O
{[%clk 01:40:04] [%emt 00:01:02]} dxc4 {[%clk 01:42:00] [%emt 00:00:28]} 7. Qc2
{[%clk 01:36:34] [%emt 00:04:01]} a6 {[%clk 01:40:45] [%emt 00:01:45]} 8. a4
{[%clk 01:34:46] [%emt 00:02:17]} Nc6 {[%clk 01:40:52] [%emt 00:00:23]} 9. Qxc4
{[%clk 01:26:45] [%emt 00:08:32]} Na5 {[%clk 01:40:50] [%emt 00:00:32]} 10. Qc2
{[%clk 01:25:39] [%emt 00:01:36]} b6 {[%clk 01:41:03] [%emt 00:00:17]} 11. Ne5
{[%clk 01:24:19] [%emt 00:01:50]} Bb7 {[%clk 01:41:12] [%emt 00:00:21]} 12. Bxb7
{[%clk 01:23:04] [%emt 00:01:46]} Nxb7 {[%clk 01:40:43] [%emt 00:00:58]} 13. Nc6
{[%clk 01:14:11] [%emt 00:09:22]} Qe8 {[%clk 01:40:55] [%emt 00:00:19]} 14. Rd1
{[%clk 01:10:06] [%emt 00:04:35]} Bc5 {[%clk 01:40:22] [%emt 00:01:04]} 15. Ne5
{[%clk 01:07:21] [%emt 00:03:15]} Bd6 {[%clk 01:40:37] [%emt 00:00:15]} 16. Nd2
{[%clk 01:03:15] [%emt 00:04:36]} Nd5 {[%clk 01:39:38] [%emt 00:01:29]} 17. Ndc4
{[%clk 00:55:32] [%emt 00:08:13]} b5 {[%clk 01:38:46] [%emt 00:01:22]} 18. Ne3
{[%clk 00:42:51] [%emt 00:13:10]} Nb4 {[%clk 01:22:27] [%emt 00:16:50]} 19. Qc3
{[%clk 00:41:33] [%emt 00:01:48]} bxa4 {[%clk 01:21:57] [%emt 00:01:00]} 20.
N3c4 {[%clk 00:40:54] [%emt 00:01:08]} Qb5 {[%clk 01:19:25] [%emt 00:03:03]} 21.
Nd3 {[%clk 00:32:27] [%emt 00:08:57]} a5 {[%clk 01:17:28] [%emt 00:02:27]} 22.
Bd2 {[%clk 00:32:02] [%emt 00:00:54]} Ra6 {[%clk 01:10:55] [%emt 00:07:04]} 23.
Nxd6 {[%clk 00:26:01] [%emt 00:06:31]} Nxd6 {[%clk 01:11:00] [%emt 00:00:25]}
24. Nxb4 {[%clk 00:24:17] [%emt 00:02:14]} axb4 {[%clk 01:10:18] [%emt
00:01:12]} 25. Qxb4 {[%clk 00:24:41] [%emt 00:00:06]} Qxe2 {[%clk 01:10:43]
[%emt 00:00:06]} 26. Re1 {[%clk 00:24:19] [%emt 00:00:52]} Qb5 {[%clk 00:58:12]
[%emt 00:12:59]} 27. Rec1 {[%clk 00:24:21] [%emt 00:00:29]} Rb8 {[%clk 00:50:08]
[%emt 00:08:34]} 28. Qxb5 {[%clk 00:24:20] [%emt 00:00:31]} Nxb5 {[%clk
00:50:26] [%emt 00:00:11]} 29. Rc4 {[%clk 00:23:51] [%emt 00:00:59]} Rba8 {[%clk
00:50:44] [%emt 00:00:12]} 30. Bf4 {[%clk 00:21:53] [%emt 00:02:28]} c6 {[%clk
00:46:51] [%emt 00:04:23]} 31. Rac1 {[%clk 00:19:50] [%emt 00:02:33]} Na7 {[%clk
00:46:37] [%emt 00:00:44]} 32. Kg2 {[%clk 00:14:07] [%emt 00:06:13]} f6 {[%clk
00:44:10] [%emt 00:02:57]} 33. h4 {[%clk 00:09:46] [%emt 00:04:51]} Kf7 {[%clk
00:43:18] [%emt 00:01:22]} 34. Rb4 {[%clk 00:08:45] [%emt 00:01:32]} Nb5 {[%clk
00:41:12] [%emt 00:02:36]} 35. Rbc4 {[%clk 00:09:10] [%emt 00:00:05]} h5 {[%clk
00:34:28] [%emt 00:07:13]} 36. Be3 {[%clk 00:06:10] [%emt 00:03:31]} Rc8 {[%clk
00:28:20] [%emt 00:06:37]} 37. Ra1 {[%clk 00:06:32] [%emt 00:00:09]} a3 {[%clk
00:28:36] [%emt 00:00:15]} 38. bxa3 {[%clk 00:06:42] [%emt 00:00:20]} Rxa3
{[%clk 00:29:02] [%emt 00:00:04]} 39. Rac1 {[%clk 00:04:31] [%emt 00:02:41]} Ra6
{[%clk 00:27:59] [%emt 00:01:33]} 40. Rc5 {[%clk 00:02:38] [%emt 00:02:24]} Nd6
{[%clk 00:28:18] [%emt 00:00:10]} 41. Rxh5 {[%clk 00:39:39] [%emt 00:13:29]} Nf5
{[%clk 01:15:21] [%emt 00:03:25]} 42. Rc5 {[%clk 00:36:14] [%emt 00:03:57]} Rca8
{[%clk 01:09:43] [%emt 00:06:07]} 43. Rhxf5 {[%clk 00:31:44] [%emt 00:05:01]}
exf5 {[%clk 01:09:56] [%emt 00:00:17]} 44. Rxf5 {[%clk 00:28:58] [%emt
00:03:16]} Ra5 {[%clk 01:10:21] [%emt 00:00:04]} 45. Rf3 {[%clk 00:28:56] [%emt
00:00:32]} Rd5 {[%clk 01:09:53] [%emt 00:00:58]} 46. g4 {[%clk 00:28:37] [%emt
00:00:49]} Re8 {[%clk 01:08:27] [%emt 00:01:56]} 47. Rh3 {[%clk 00:23:08] [%emt
00:05:59]} Re4 {[%clk 01:06:44] [%emt 00:02:14]} 1/2-1/2

[Site "Europe Echecs"]

[Event "Grand Swiss "]
[Date "2025.09.05"]
[White "Vachier-Lagrave, Maxime"]
[Black "Volokitin, Andrei"]
[WhiteElo "2738"]
[BlackElo "2628"]
[Round "2.2.15"]
[Result "1-0"]

1. e4 {[%clk 01:40:56] [%emt 00:00:02]} e5 {[%clk 01:40:55] [%emt 00:00:06]} 2.
Nf3 {[%clk 01:41:23] [%emt 00:00:03]} Nf6 {[%clk 01:41:20] [%emt 00:00:04]} 3.
Nxe5 {[%clk 01:41:45] [%emt 00:00:09]} d6 {[%clk 01:41:45] [%emt 00:00:05]} 4.
Nf3 {[%clk 01:42:12] [%emt 00:00:03]} Nxe4 {[%clk 01:42:10] [%emt 00:00:05]} 5.
d4 {[%clk 01:42:40] [%emt 00:00:03]} d5 {[%clk 01:42:32] [%emt 00:00:08]} 6. Bd3
{[%clk 01:43:08] [%emt 00:00:02]} Bf5 {[%clk 01:42:51] [%emt 00:00:10]} 7. O-O
{[%clk 01:43:30] [%emt 00:00:09]} Be7 {[%clk 01:43:15] [%emt 00:00:05]} 8. c4
{[%clk 01:41:26] [%emt 00:02:34]} dxc4 {[%clk 01:43:02] [%emt 00:00:43]} 9. Bxc4
{[%clk 01:41:53] [%emt 00:00:04]} O-O {[%clk 01:43:17] [%emt 00:00:15]} 10. Re1
{[%clk 01:42:21] [%emt 00:00:02]} Nc6 {[%clk 01:43:11] [%emt 00:00:35]} 11. Nc3
{[%clk 01:38:46] [%emt 00:04:05]} Nd6 {[%clk 00:52:42] [%emt 00:50:58]} 12. Bd5
{[%clk 01:33:47] [%emt 00:05:30]} Nb4 {[%clk 00:40:22] [%emt 00:12:50]} 13. Bb3
{[%clk 01:34:10] [%emt 00:00:06]} Nd3 {[%clk 00:40:05] [%emt 00:00:47]} 14. Re3
{[%clk 01:34:36] [%emt 00:00:05]} Nxc1 {[%clk 00:40:26] [%emt 00:00:08]} 15.
Rxc1 {[%clk 01:35:03] [%emt 00:00:03]} c6 {[%clk 00:38:06] [%emt 00:02:50]} 16.
Qf1 {[%clk 01:22:01] [%emt 00:13:33]} Bg5 {[%clk 00:31:52] [%emt 00:06:43]} 17.
Nxg5 {[%clk 01:22:21] [%emt 00:00:11]} Qxg5 {[%clk 00:32:20] [%emt 00:00:02]}
18. d5 {[%clk 01:16:17] [%emt 00:06:33]} Bd7 {[%clk 00:22:31] [%emt 00:10:18]}
19. dxc6 {[%clk 00:58:42] [%emt 00:18:07]} Bxc6 {[%clk 00:22:59] [%emt
00:00:02]} 20. Rd1 {[%clk 00:59:05] [%emt 00:00:07]} Nf5 {[%clk 00:21:14] [%emt
00:02:15]} 21. Re5 {[%clk 00:59:22] [%emt 00:00:12]} Rfe8 {[%clk 00:17:57] [%emt
00:03:47]} 22. f4 {[%clk 00:57:42] [%emt 00:02:11]} Qf6 {[%clk 00:09:47] [%emt
00:08:40]} 23. Rde1 {[%clk 00:51:24] [%emt 00:06:47]} g6 {[%clk 00:02:08] [%emt
00:08:09]} 24. Nd5 {[%clk 00:44:43] [%emt 00:07:12]} Qd6 {[%clk 00:02:36] [%emt
00:00:02]} 25. Qf2 {[%clk 00:44:58] [%emt 00:00:14]} Kf8 {[%clk 00:02:39] [%emt
00:00:28]} 26. g4 {[%clk 00:42:14] [%emt 00:03:14]} Ng7 {[%clk 00:00:58] [%emt
00:02:10]} 27. Ne7 {[%clk 00:39:44] [%emt 00:03:00]} Rad8 {[%clk 00:00:33] [%emt
00:00:56]} 28. h3 {[%clk 00:23:13] [%emt 00:17:01]} Qd4 {[%clk 00:50:30] [%emt
00:00:33]} 1-0

[Site "Europe Echecs"]

[Event "Grand Swiss "]
[Date "2025.09.05"]
[White "Cheparinov, Ivan"]
[Black "Niemann, Hans Moke"]
[WhiteElo "2627"]
[BlackElo "2733"]
[Round "2.2.16"]
[Result "1/2-1/2"]

1. e4 {[%clk 01:40:58] [%emt 00:00:02]} c5 {[%clk 01:39:45] [%emt 00:01:15]} 2.
Nf3 {[%clk 01:41:21] [%emt 00:00:07]} Nc6 {[%clk 01:40:01] [%emt 00:00:13]} 3.
Bb5 {[%clk 01:41:47] [%emt 00:00:06]} g6 {[%clk 01:39:11] [%emt 00:01:20]} 4.
O-O {[%clk 01:42:09] [%emt 00:00:08]} Bg7 {[%clk 01:39:32] [%emt 00:00:07]} 5.
Re1 {[%clk 01:42:37] [%emt 00:00:05]} e5 {[%clk 01:38:33] [%emt 00:01:28]} 6.
Bxc6 {[%clk 01:42:59] [%emt 00:00:08]} dxc6 {[%clk 01:37:56] [%emt 00:01:08]} 7.
a4 {[%clk 01:43:04] [%emt 00:00:25]} Qc7 {[%clk 01:14:34] [%emt 00:23:51]} 8.
Na3 {[%clk 01:42:34] [%emt 00:01:01]} b6 {[%clk 01:07:39] [%emt 00:07:25]} 9.
Nc4 {[%clk 01:40:45] [%emt 00:02:19]} Be6 {[%clk 01:07:06] [%emt 00:01:03]} 10.
d3 {[%clk 01:41:11] [%emt 00:00:05]} Rd8 {[%clk 01:04:01] [%emt 00:03:34]} 11.
Qe2 {[%clk 01:39:25] [%emt 00:02:16]} Bxc4 {[%clk 01:00:26] [%emt 00:04:06]} 12.
dxc4 {[%clk 01:39:49] [%emt 00:00:06]} Nf6 {[%clk 01:00:48] [%emt 00:00:07]} 13.
Bg5 {[%clk 01:38:47] [%emt 00:01:32]} O-O {[%clk 00:59:12] [%emt 00:02:06]} 14.
h4 {[%clk 01:29:44] [%emt 00:09:33]} h6 {[%clk 00:57:05] [%emt 00:02:37]} 15.
Bxf6 {[%clk 01:30:01] [%emt 00:00:15]} Bxf6 {[%clk 00:57:29] [%emt 00:00:05]}
16. g3 {[%clk 01:27:09] [%emt 00:03:22]} a5 {[%clk 00:53:59] [%emt 00:04:00]}
17. Kg2 {[%clk 01:26:45] [%emt 00:00:54]} h5 {[%clk 00:54:14] [%emt 00:00:16]}
18. Red1 {[%clk 01:23:30] [%emt 00:03:45]} Kg7 {[%clk 00:53:29] [%emt 00:01:14]}
19. Ra3 {[%clk 01:23:04] [%emt 00:00:56]} Rxd1 {[%clk 00:53:41] [%emt 00:00:19]}
20. Qxd1 {[%clk 01:23:30] [%emt 00:00:03]} Rd8 {[%clk 00:54:05] [%emt 00:00:06]}
21. Rd3 {[%clk 01:20:37] [%emt 00:03:23]} Rxd3 {[%clk 00:54:22] [%emt 00:00:13]}
22. Qxd3 {[%clk 01:21:01] [%emt 00:00:06]} Be7 {[%clk 00:53:33] [%emt 00:01:19]}
23. b3 {[%clk 01:19:06] [%emt 00:02:26]} Bf6 {[%clk 00:51:50] [%emt 00:02:12]}
24. Nh2 {[%clk 01:18:35] [%emt 00:01:01]} Qe7 {[%clk 00:51:58] [%emt 00:00:22]}
25. Nf1 {[%clk 01:18:28] [%emt 00:00:37]} Qe6 {[%clk 00:51:48] [%emt 00:00:40]}
26. Ne3 {[%clk 01:18:52] [%emt 00:00:07]} Kf8 {[%clk 00:51:40] [%emt 00:00:38]}
27. Qd1 {[%clk 01:17:48] [%emt 00:01:35]} Ke7 {[%clk 00:51:19] [%emt 00:00:49]}
28. Qd3 {[%clk 01:17:37] [%emt 00:00:43]} Ke8 {[%clk 00:51:26] [%emt 00:00:23]}
29. Qd1 {[%clk 01:17:57] [%emt 00:00:09]} Ke7 {[%clk 00:51:50] [%emt 00:00:06]}
30. Qd3 {[%clk 01:18:24] [%emt 00:00:04]} Ke8 {[%clk 00:52:15] [%emt 00:00:05]}
31. Qd1 {[%clk 01:18:47] [%emt 00:00:07]} 1/2-1/2

[Site "Europe Echecs"]

[Event "Grand Swiss "]
[Date "2025.09.05"]
[White "Svane, Rasmus"]
[Black "Sindarov, Javokhir"]
[WhiteElo "2620"]
[BlackElo "2722"]
[Round "2.2.17"]
[Result "1/2-1/2"]

1. d4 {[%clk 01:40:57] [%emt 00:00:02]} d5 {[%clk 01:40:45] [%emt 00:00:16]} 2.
c4 {[%clk 01:40:11] [%emt 00:01:16]} e6 {[%clk 01:41:08] [%emt 00:00:07]} 3. Nf3
{[%clk 01:39:44] [%emt 00:00:56]} Nf6 {[%clk 01:41:28] [%emt 00:00:10]} 4. Nc3
{[%clk 01:39:51] [%emt 00:00:23]} c6 {[%clk 01:41:51] [%emt 00:00:08]} 5. e3
{[%clk 01:39:36] [%emt 00:00:44]} Nbd7 {[%clk 01:42:14] [%emt 00:00:08]} 6. Qc2
{[%clk 01:38:33] [%emt 00:01:33]} Bd6 {[%clk 01:42:29] [%emt 00:00:14]} 7. b3
{[%clk 01:38:32] [%emt 00:00:31]} O-O {[%clk 01:42:42] [%emt 00:00:15]} 8. Be2
{[%clk 01:38:57] [%emt 00:00:07]} b6 {[%clk 01:43:01] [%emt 00:00:11]} 9. O-O
{[%clk 01:38:57] [%emt 00:00:31]} Bb7 {[%clk 01:43:23] [%emt 00:00:08]} 10. Bb2
{[%clk 01:39:18] [%emt 00:00:08]} Re8 {[%clk 01:43:41] [%emt 00:00:13]} 11. a4
{[%clk 01:32:56] [%emt 00:06:53]} a5 {[%clk 01:28:29] [%emt 00:15:42]} 12. Bd3
{[%clk 01:26:12] [%emt 00:07:13]} Rc8 {[%clk 01:21:52] [%emt 00:07:07]} 13. e4
{[%clk 01:12:36] [%emt 00:14:06]} e5 {[%clk 01:10:31] [%emt 00:11:51]} 14. exd5
{[%clk 00:53:00] [%emt 00:20:05]} cxd5 {[%clk 01:06:30] [%emt 00:04:32]} 15. Nb5
{[%clk 00:52:35] [%emt 00:00:55]} Bb8 {[%clk 01:06:50] [%emt 00:00:10]} 16. Nxe5
{[%clk 00:50:05] [%emt 00:03:01]} Nxe5 {[%clk 01:06:55] [%emt 00:00:24]} 17.
dxe5 {[%clk 00:50:31] [%emt 00:00:04]} Bxe5 {[%clk 01:07:19] [%emt 00:00:06]}
18. Rae1 {[%clk 00:37:04] [%emt 00:13:56]} Bxb2 {[%clk 00:57:55] [%emt
00:09:55]} 19. Qxb2 {[%clk 00:35:16] [%emt 00:02:17]} Rxe1 {[%clk 00:57:05]
[%emt 00:01:20]} 20. Rxe1 {[%clk 00:35:41] [%emt 00:00:05]} dxc4 {[%clk
00:57:16] [%emt 00:00:20]} 21. Bxc4 {[%clk 00:35:34] [%emt 00:00:37]} Bd5 {[%clk
00:57:09] [%emt 00:00:36]} 22. Rd1 {[%clk 00:30:46] [%emt 00:05:18]} Qe7 {[%clk
00:57:18] [%emt 00:00:21]} 23. Bxd5 {[%clk 00:30:52] [%emt 00:00:24]} Nxd5
{[%clk 00:57:40] [%emt 00:00:08]} 24. Qd2 {[%clk 00:28:21] [%emt 00:03:00]} Rc5
{[%clk 00:47:59] [%emt 00:10:12]} 25. Re1 {[%clk 00:24:12] [%emt 00:04:39]} Qd7
{[%clk 00:47:08] [%emt 00:01:19]} 26. h3 {[%clk 00:12:45] [%emt 00:11:59]} h6
{[%clk 00:47:01] [%emt 00:00:38]} 27. Qe2 {[%clk 00:10:38] [%emt 00:02:36]} Nc7
{[%clk 00:40:59] [%emt 00:06:32]} 28. Nxc7 {[%clk 00:09:50] [%emt 00:01:18]}
Qxc7 {[%clk 00:40:51] [%emt 00:00:38]} 29. g3 {[%clk 00:08:51] [%emt 00:01:29]}
Rc1 {[%clk 00:40:23] [%emt 00:00:59]} 30. Qe8+ {[%clk 00:08:29] [%emt 00:00:52]}
Kh7 {[%clk 00:40:47] [%emt 00:00:06]} 31. Rxc1 {[%clk 00:08:53] [%emt 00:00:06]}
Qxc1+ {[%clk 00:41:13] [%emt 00:00:03]} 32. Kg2 {[%clk 00:09:15] [%emt
00:00:09]} Qc7 {[%clk 00:41:39] [%emt 00:00:04]} 1/2-1/2

[Site "Europe Echecs"]